Top 100 Baby Boy Names of 2000 (USA) - Statistics

General Stats
  • This quiz has been taken 288 times
  • The average score is 64 of 100
Answer Stats
Hint Answer % Correct
J James
96%
J Jack
95%
J John
93%
M Michael
93%
W William
90%
D Daniel
89%
D David
89%
A Alex
88%
J Jesus
86%
M Matthew
86%
A Andrew
84%
J Jackson
84%
J Jacob
84%
J Jose
84%
E Ethan
83%
Z Zachary
83%
A Alexander
82%
T Thomas
82%
N Nathan
81%
A Adam
80%
J Joseph
80%
S Samuel
80%
R Robert
79%
B Benjamin
78%
C Charles
78%
R Ryan
78%
J Joshua
77%
N Nicholas
77%
A Anthony
76%
C Christopher
76%
I Isaac
76%
J Jason
76%
N Noah
76%
J Jonathan
75%
L Liam
75%
L Lucas
75%
L Luke
75%
A Aiden
73%
J Justin
73%
K Kevin
73%
K Kyle
73%
X Xavier
73%
A Aaron
72%
T Tyler
71%
B Brandon
69%
B Brian
69%
E Elijah
69%
T Timothy
69%
N Nathaniel
68%
D Dylan
67%
M Mason
67%
C Christian
66%
J Jordan
66%
S Steven
66%
O Owen
65%
R Richard
65%
E Evan
64%
I Ian
63%
C Cameron
62%
E Eric
61%
L Logan
61%
S Sean
61%
C Connor
59%
G Gabriel
59%
J Jayden
59%
C Carter
58%
C Caleb
56%
I Isaiah
56%
P Patrick
56%
J Juan
54%
J Julian
54%
W Wyatt
54%
S Sebastian
52%
A Austin
50%
G Gavin
50%
A Adrian
49%
C Cole
47%
H Hunter
46%
J Jeremiah
46%
C Carson
43%
C Carlos
42%
L Landon
41%
C Cody
40%
B Brayden
39%
J Jesse
39%
B Blake
38%
C Chase
38%
A Aidan
37%
B Bryan
37%
D Devin
37%
T Tristan
37%
A Antonio
35%
D Dominic
35%
S Seth
35%
H Hayden
34%
A Angel
31%
L Luis
31%
J Jaden
27%
M Miguel
26%
D Diego
25%
No matching quizzes found
Score Distribution
Percent of People with Each Score
Percentile by Number Answered
Your Score History
You have not taken this quiz